| 000 | 00483nam a2200205Ia 4500 | ||
|---|---|---|---|
| 003 | OSt | ||
| 005 | 20251209110008.0 | ||
| 008 | 250729s1929 xx 000 0 und d | ||
| 020 | _a978-1331255703 | ||
| 040 | _cAL | ||
| 041 | _aeng | ||
| 082 | _a900 MADB | ||
| 100 |
_aMuir Ramsay _9226198 |
||
| 245 | _aBritish history Part IV(1815-1929) | ||
| 260 |
_aLondon _c1929 |
||
| 300 | _a762p | ||
| 650 |
_aHistory _9226199 |
||
| 700 |
_aRao Digumurthi _9226200 |
||
| 942 |
_2ddc _cBED |
||
| 999 |
_c237214 _d237214 |
||